00469nam a22001697a 450000500170000001000120001702000100002903500120003903700140005108200070006510000220007224500390009424600380013326000510017127000580022230000190028020200124101939.0 aB-29247 c40.00 aB-29247 bBPPD/Pub. aک aعابد ضمیر aدو پھول /cعابد ضمیر aDo Phool (Urdu) /bby Abid Zameer aNew DelhibNirali Duniya Publicationsc2000 ء a358-A, Bazar Delhi Gate, DaryaganjbNew Delhie110002 a96p.c22cm(Hb)